শুভ-বিবাহ / (Record no. 40056)
[ view plain ]
| 000 -LEADER | |
|---|---|
| fixed length control field | 00772nam a2200229 a 4500 |
| 001 - CONTROL NUMBER | |
| control field | 40056 |
| 003 - CONTROL NUMBER IDENTIFIER | |
| rucl marc code | BD-RjUL |
| 005 - DATE AND TIME OF LATEST TRANSACTION | |
| control field | 20211209053127.0 |
| 008 - FIXED-LENGTH DATA ELEMENTS--GENERAL INFORMATION | |
| fixed length control field | 161127m19761963bg ||||| |||| 00| 0 ben d |
| 020 ## - INTERNATIONAL STANDARD BOOK NUMBER | |
| Terms of availability | : Tk.4.00 |
| 035 ## - SYSTEM CONTROL NUMBER | |
| System control number | (BD-RjUL)40171 |
| 040 ## - CATALOGING SOURCE | |
| Original cataloging agency | BD-RjUL |
| Language of cataloging | ben |
| Transcribing agency | BD-RjUL |
| 041 ## - LANGUAGE CODE | |
| Language code of text/sound track or separate title | ben |
| 082 ## - DEWEY DECIMAL CLASSIFICATION NUMBER | |
| Edition number | 23 |
| Classification number | 891.442 |
| Author mark and year | MIS 1976 |
| 100 ## - MAIN ENTRY--PERSONAL NAME | |
| Personal name | মিত্র, কল্যাণ |
| 9 (RLIN) | 123355 |
| 245 10 - TITLE STATEMENT | |
| Title | শুভ-বিবাহ / |
| Statement of responsibility, etc. | কল্যাণ মিত্র |
| 260 ## - PUBLICATION, DISTRIBUTION, ETC. (IMPRINT) | |
| Place of publication, distribution, etc. | বগুড়া : |
| Name of publisher, distributor, etc. | সাহিত্য কুটির, |
| Date of publication, distribution, etc. | ১৯৬৩ [মুদ্রণ ১৯৭৬] |
| 300 ## - PHYSICAL DESCRIPTION | |
| Pagination | [৬] ১২৩ পৃ. ; |
| Size | ১৮ সেমি. |
| 650 ## - SUBJECT ADDED ENTRY--TOPICAL TERM | |
| Topical term or geographic name as entry element | বাংলা নাটক |
| 9 (RLIN) | 123356 |
| Topical term or geographic name as entry element | Bengali Drama |
| 9 (RLIN) | 117910 |
| 942 ## - ADDED ENTRY ELEMENTS (KOHA) | |
| Source of classification or shelving scheme | Dewey Decimal Classification |
| Koha item type | Books |
| Lost status | Source of classification or shelving scheme | Damaged status | Not for loan | Collection code | Permanent Location | Current Location | Shelving location | Date acquired | Source of acquisition | Cost, normal purchase price | Total Checkouts | Full call number | Date last seen | Date checked out | Copy number | Koha item type |
|---|---|---|---|---|---|---|---|---|---|---|---|---|---|---|---|---|
| Dewey Decimal Classification | Non-fiction | Central Library, University of Rajshahi | Central Library, University of Rajshahi | 06/04/1977 | ureba books | 4.00 | 3 | B 891.442 MIS 1976 | 22/02/2022 | 27/12/2021 | C-2 | Books | ||||
| Dewey Decimal Classification | Non-fiction | Central Library, University of Rajshahi | Central Library, University of Rajshahi | 06/04/1977 | Youreka book agency, Rajshahi. | 4.00 | 1 | B 891.442 MIS 1976 | 18/01/2023 | 17/01/2023 | C-3 | Books |